00692nam a2200205 a 450000100060000000300090000600800410001502000180005604000280007408200090010210000350011124500570014626000320020330000090023565000420024465000400028694200120032699900170033895201310035523886CO-ViMGA141112s2004 ck r 000 u spa d a9789583023644 aCO-ViMGAbspacCO-ViMGA04aGUTa1 aGutman, Claude, 1946 - 93461010aAquella vez...yo me quede muy solo / cClaude Gutman aColombia : bpanAméricana a36p.14a2 : MIEDO - CUENTOS INFANTILES93461114aCUENTOS INFANTILES FRANCESES 97840 2ddccBK c31959d31959 00102ddc40708008aMEVIECARbMEVIECARd2015-12-04h19/ago/2011l0oGUTa p24786r2015-12-04 00:00:00tEj. 1w2015-12-04yBK